000
00250nam a22001097a 4500
008
170126b xxu||||| |||| 00| 0 eng d
020
_a
9780766824188
041
_a
eng
080
_2
2ND
_a
61
245
_a
MEDICAL ASSISTING
_c
LINDH, W.Q
942
_2
udc
_c
BK
999
_c
3715
_d
3715